| 000 | 00482nam a2200169Ia 4500 | ||
|---|---|---|---|
| 999 |
_c1444 _d1444 |
||
| 003 | OSt | ||
| 005 | 20200928113340.0 | ||
| 008 | 190216s9999||||xx |||||||||||||| ||und|| | ||
| 040 | _coclc | ||
| 082 |
_a581 _bGAN/G |
||
| 100 |
_aGanguly, Amar K _94631 |
||
| 245 | 0 |
_aGeneral Botany : _bPlant Taxa / _cAmar K Ganguly ; N C Kumar |
|
| 260 |
_bEmkay Publishers, _c1992. _aDelhi: |
||
| 300 | _a1461p | ||
| 650 | _aBotany | ||
| 942 |
_cBK _2ddc _h581 _iGAN/G _k581 _mGAN/G |
||